[Event "IND-ch U17"]
[Site "Saravanampatty"]
[Date "2017.10.25"]
[Round "2"]
[White "Avinash, Hari"]
[Black "Raja, Rithvik R"]
[Result "0-1"]
[WhiteElo "1789"]
[BlackElo "2237"]
[PlyCount "66"]
[EventDate "2017.10.24"]
[EventType "swiss"]
[EventRounds "11"]
[EventCountry "IND"]
[SourceTitle "CBM 181 Extra"]
[Source "ChessBase"]
[SourceDate "2017.12.12"]
[SourceVersion "1"]
[SourceVersionDate "2017.12.12"]
[SourceQuality "1"]

1. e4 c5 2. Nf3 d6 3. d4 cxd4 4. Nxd4 Nf6 5. Nc3 a6 6. Be2 e5 7. Nb3 Be7 8. 0-0 0-0 9. Kh1 Nc6 10. f4 b5 11. a3 Bb7 12. Bd3 Rc8 13. Qf3 exf4 14. Bxf4 Ne5 15. Qe2 Nfd7 16. Rad1 Re8 17. Qf2 Bh4 18. Bg3 Bg5 19. Nd4 g6 20. h3 Qb6 21. Be2 Rf8 22. Bf4 Bxf4 23. Qxf4 Nc5 24. Bg4 Rce8 25. Nf5 gxf5 26. Qg5+ Ng6 27. exf5 f6 28. Qh6 Ne5 29. Bh5 Re7 30. Ne2 Rg7 31. Nf4 Ne4 32. Kh2 Qe3 33. Rde1 Rxg2+ 0-1